Statistics for Top Uranium Producing Countries

Click here to take the quiz!

General Stats

  • This quiz has been taken 43 times
  • The average score is 10 of 14

Answer Stats

kgCountry% Correct
0.06 milUnited States
95%
2.91 milRussia
93%
1.88 milChina
93%
6.61 milAustralia
90%
6.93 milCanada
83%
0.30 milIndia
78%
0.07 milIran
75%
22.8 milKazakhstan
70%
0.34 milSouth Africa
63%
0.04 milPakistan
58%
2.40 milUzbekistan
53%
0.80 milUkraine
53%
2.98 milNiger
43%
5.47 milNamibia
33%

Score Distribution

Percentile by Number Answered

Percent of People with Each Score

Your Score History

You have not taken this quiz